Způsob ražení atypického uspořádání tunelů pražského metra /

Main Author: Bucek, Miloš, 1932-
Other Authors: Barták, Jiří, 1939 červen 13.-
Language: Czech
Published: Bratislava : Slovenská vedeckotechnická spoločnosť, 1971
Edition: 1. vyd.
Physical Description: 26 s. : il. ; 8°
Language note: Francouzské, německé a ruské resumé
Book
Saved in:
LEADER 00915nam a22002532a 4500
001 000872855
003 CZ BrMZK
005 20170908123959.0
007 ta
008 071026s1971 xo a er|||||||||||cze d
040 |a ABA001  |b cze  |d ABA001  |d BOA001 
041 0 |a cze  |b fre  |b ger  |b rus 
080 9 |a 624.193(437-2 Praha)(049) 
100 1 |a Bucek, Miloš,  |d 1932-  |7 jn19981000348  |4 aut 
245 1 0 |a Způsob ražení atypického uspořádání tunelů pražského metra /  |c Miloš Bucek, Jiří Barták 
250 |a 1. vyd. 
260 |a Bratislava :  |b Slovenská vedeckotechnická spoločnosť,  |c 1971 
300 |a 26 s. :  |b il. ;  |c 8° 
546 |a Francouzské, německé a ruské resumé 
700 1 |a Barták, Jiří,  |d 1939 červen 13.-  |7 jo2002112149  |4 aut 
910 |a BOA001  |b X-0669.597 
990 |a BK 
991 |b 200710 
996 7 |b 2619248611  |c X-0669.597  |l MZK  |r Sklad / do 24 hodin  |n 1  |w 000872855  |u 000010  |a 1  |e BOA001  |j MZK50  |s A